000 00442nam a2200193Ia 4500
008 240510s9999 xx 000 0 und d
020 _a0001565290771
041 _aEng
082 _a005.3
082 _bH73
100 _aPREACHER J.M. ED.
245 0 _aUSING WORD PERFECT VERSION 6 FOR DOS
260 _bINDIANA : QUE
260 _c1992
300 _a1196 p.
650 _aWORD PERFECT : PROGRAMS
942 _2ddc
942 _cLBK
999 _c26494
_d26494
945 _a1
_bMadushi Gamage
_c1
_dMadushi Gamage